NFL Draft 1989 Quarterbacks Drafted - Statistics

General Stats
  • This quiz has been taken 6 times
  • The average score is 2 of 18
Answer Stats
Round Player Team College % Correct
1 Troy Aikman Cowboys UCLA
100%
Supplemental Steve Walsh Cowboys Miami (FL)
33%
2 Billy Joe Tolliver Chargers Texas Tech
17%
6 Rodney Peete Lions USC
17%
12 Steve Taylor Colts Nebraska
17%
7 Terrance Jones Chargers Tulane
17%
11 Wayne Johnson Colts Georgia
17%
3 Anthony Dilweg Packers Duke
0%
10 Bob Jean Bengals New Hampshire
0%
7 Brent Snyder Bears Utah State
0%
12 Chuck Hartlieb Oilers Iowa
0%
3 Erik Wilhelm Bengals Oregon State
0%
4 Jeff Carlson Rams Weber State
0%
6 Jeff Francis Raiders Tennessee
0%
4 Jeff Graham Packers Long Beach State
0%
2 Mike Elkins Chiefs Wake Forest
0%
8 Paul Singer Falcons Western Illinois
0%
Supplemental Timm Rosenbach Cardinals Washington State
0%
No matching quizzes found
Score Distribution
Percent of People with Each Score
Percentile by Number Answered
Your Score History
You have not taken this quiz